Catálogo
 En Linea

Presupuesto de ingresos y egresos del gobierno central , 2006 (Registro nro. 49321)

Detalles MARC
000 -CABECERA
campo de control de longitud fija 01600nam a2200253 a 4500
003 - IDENTIFICADOR DEL NÚMERO DE CONTROL
campo de control OSt
005 - FECHA Y HORA DE LA ÚLTIMA TRANSACCIÓN
campo de control 20210126120656.0
008 - DATOS DE LONGITUD FIJA--INFORMACIÓN GENERAL
campo de control de longitud fija 180327s2006 dr 000 0 spa d
040 ## - FUENTE DE LA CATALOGACIÓN
Centro catalogador/agencia de origen DO-SdBNP
Lengua de catalogación spa
Centro/agencia transcriptor BNPHU
082 #4 - NÚMERO DE LA CLASIFICACIÓN DECIMAL DEWEY
Número de clasificación 352.48
Número de documento/Ítem R426p, 2006
Número de edición 22
110 2# - ENTRADA PRINCIPAL--NOMBRE DE ENTIDAD CORPORATIVA
Nombre de entidad corporativa o nombre de jurisdicción como elemento de entrada República Dominicana
9 (RLIN) 11088
Unidad subordinada Oficina Nacional de Presupuesto
240 ## - TÍTULO UNIFORME
Título uniforme
245 10 - MENCIÓN DE TÍTULO
Título Presupuesto de ingresos y egresos del gobierno central , 2006
260 ## - PUBLICACIÓN, DISTRIBUCIÓN, ETC.
Lugar de publicación, distribución, etc. Santo Domingo :
Nombre del editor, distribuidor, etc. Oficina Nacional de Presupuesto,
Fecha de publicación, distribución, etc. 2006
300 ## - DESCRIPCIÓN FÍSICA
Extensión 516 p. ;
Dimensiones 28 cm.
500 ## - NOTA GENERAL
Nota general Publicación oficial
505 2# - NOTA DE CONTENIDO CON FORMATO
Nota de contenido con formato Primera parte : Presupuesto de ingresos y ley de gastos públicos --
Título Segunda parte : Información de los ingresos --
-- Información de los egresos --
-- Información de la cuenta ahorro inversión financiamiento --
-- Transferencias a instituciones por fuente de financiamiento --
-- Tercera parte : Distribución institucional de los egresos presupuestados --
-- Poder Legislativo --
-- Poder Ejecutivo --
-- Poder Judicial --
-- Organismos especiales --
-- Programas virtuales --
-- Cuarta parte : Transferencias corrientes a organizaciones no gubernamentales (ONG) --
-- Proyectos de inversiones públicas financiados con recursos internos y externos clasificados por capítulos, programas, fondos y organismo financiador.
590 ## - NOTA LOCAL (RLIN)
Nota local Inventariado, 2021 /VM
650 #4 - PUNTO DE ACCESO ADICIONAL DE MATERIA--TÉRMINO DE MATERIA
Término de materia o nombre geográfico como elemento de entrada Presupuesto
Subdivisión geográfica República Dominicana
9 (RLIN) 7940
Fuente del encabezamiento o término
Subdivisión cronológica 2006
650 #4 - PUNTO DE ACCESO ADICIONAL DE MATERIA--TÉRMINO DE MATERIA
Término de materia o nombre geográfico como elemento de entrada Hacienda pública
Subdivisión geográfica República Dominicana
9 (RLIN) 6562
Subdivisión cronológica 2006
650 #4 - PUNTO DE ACCESO ADICIONAL DE MATERIA--TÉRMINO DE MATERIA
Término de materia o nombre geográfico como elemento de entrada Gasto público
Subdivisión geográfica República Dominicana
9 (RLIN) 3033
Subdivisión de forma 2006
910 ## - DATOS DE OPCIÓN DEL USUARIO (OCLC)
Datos de opción del usuario VMateo /Validado. Control de calidad MFF
942 ## - ELEMENTOS DE PUNTO DE ACCESO ADICIONAL (KOHA)
Fuente del sistema de clasificación o colocación Dewey Decimal Classification
Tipo de ítem Koha Libro
Existencias
Estado de retiro Estado de pérdida Fuente del sistema de clasificación o colocación Restricciones de uso No para préstamo Código de colección Localización permanente Ubicación/localización actual Ubicación en estantería Fecha de adquisición Fuente de adquisición Total de préstamos Signatura topográfica completa Código de barras Fecha visto por última vez Precio válido a partir de Tipo de ítem Koha Número de copia
    Dewey Decimal Classification Excluido de préstamo Excluido de préstamo Patrimonio Dominicano Biblioteca Nacional Pedro Henríquez Ureña Patrimonio Dominicano Depósito 13.01.2021 ONAPRES   BNPHU PD 352.48 R426p 2006 2021-0084 13.01.2021 13.01.2021 Libro y Folleto Colección Patrimonio Dominicano  
    Dewey Decimal Classification Excluido de préstamo Préstamo restrigido Patrimonio Dominicano Biblioteca Nacional Pedro Henríquez Ureña Patrimonio Dominicano Depósito 13.01.2021 ONAPRES   BNPHU PD 352.48 R426p 2006 2021-0085 13.01.2021 13.01.2021 Libro y Folleto Colección Patrimonio Dominicano e. 2

Con tecnología Koha